|
|
|
|
| LEADER |
00000cam a2200000 7i4500 |
| 001 |
0000023929 |
| 005 |
20111118.0 |
| 008 |
111118s njua eng |
| 020 |
|
|
|a 9780470604410 ,
|c RM150.00
|
| 040 |
|
|
|a INS
|
| 090 |
0 |
0 |
|a HG4028.V3
|b E93 2010
|
| 100 |
1 |
|
|a Mellen, Chris M
|
| 245 |
1 |
0 |
|a Valuation for M&A :
|b Building Value in Private Companies
|c Chris M.Mallen, Frank C.Evans
|
| 250 |
|
|
|a 2nd ed.
|
| 260 |
|
|
|a Hoboken :
|b John Wiley and Sons ,
|c 2010
|
| 300 |
|
|
|a xv, 383p. :
|b ill. ;
|c 24cm.
|
| 500 |
|
|
|a Includes index
|
| 650 |
0 |
0 |
|a Business enterprises;Valuation
|
| 700 |
1 |
|
|a Evans, Frank C
|
| 999 |
|
|
|a 0000023507
|b BOOK
|c Open Shelf
|e Default branch
|
| 999 |
|
|
|a 1000000474
|b BOOK
|c Open Shelf
|e Default branch
|